000 00944nam a22001577a 4500
003 NUST
005 20221116104911.0
020 _a9788121917780
082 _a629.8, XAV
100 _aXavier, Eugene
_9102662
245 _aPrinciples of Control Systems:
_cEugene Xavier, J Joseph Cyril Babu
260 _aNew Delhi
_bS. Chand
_c1999
300 _axi, 512: pages
505 _aIntroduction (Page-1-7), Mathematical Tools for Control Systems Analysis (Page-8-60), Mathematical Models of Physical Systems (Page-61-128), Feedback Characteristics of control Systems (Page-129-143), Components of Control Systems (Page-144-187), Time Domain Analysis of Control Systems (Page-188-267), Stability of Control Systems (Page-268-293), Root Locus Techniques (Page-294-342), Frequency Domain Analysis of Control Systems (Page-343-390), Design and Compensation of Control Systems (Page-391-430), State Variable Analysis (Page-431-472).
942 _2ddc
_cBK
999 _c592319
_d592319